[Event "Nicolo La Rosa op 15th"]
[Site "Mazara del Vallo"]
[Date "2007.08.11"]
[Round "4"]
[White "Messina, Marco"]
[Black "Palazzotto, Giuseppe"]
[Result "1-0"]
[WhiteElo "2051"]
[BlackElo "1887"]
[PlyCount "57"]
[EventDate "2007.08.10"]
[EventType "swiss"]
[EventRounds "6"]
[EventCountry "ITA"]
[SourceTitle "EXT 2011"]
[Source "ChessBase"]
[SourceDate "2010.11.26"]
[SourceVersion "1"]
[SourceVersionDate "2010.11.26"]
[SourceQuality "1"]

1. e4 c5 2. f4 Nc6 3. Nf3 d6 4. Bc4 e6 5. Nc3 g6 6. d3 Bg7 7. 0-0 Nge7 8. h3 h5 9. Qe1 a6 10. a4 Bd7 11. Be3 Qb6 12. Rb1 Nd4 13. Qf2 Nec6 14. f5 exf5 15. Nd5 Qa5 16. c3 Nxf3+ 17. Qxf3 Ne5 18. Qg3 f6 19. b4 Qd8 20. bxc5 Bc6 21. Rxf5 g5 22. Qf2 Nxc4 23. dxc4 Bxd5 24. Rxd5 Qd7 25. Rxd6 Qc8 26. Qd2 Rb8 27. Qd5 Rf8 28. Re6+ Kf7 29. Rc6+ 1-0

[Event "Nicolo La Rosa op 15th"]
[Site "Mazara del Vallo"]
[Date "2007.08.11"]
[Round "3"]
[White "Sgarito, Carmelo"]
[Black "Messina, Marco"]
[Result "0-1"]
[WhiteElo "1925"]
[BlackElo "2051"]
[PlyCount "104"]
[EventDate "2007.08.10"]
[EventType "swiss"]
[EventRounds "6"]
[EventCountry "ITA"]
[SourceTitle "EXT 2011"]
[Source "ChessBase"]
[SourceDate "2010.11.26"]
[SourceVersion "1"]
[SourceVersionDate "2010.11.26"]
[SourceQuality "1"]

1. d4 d5 2. Nf3 Nf6 3. Bg5 Ne4 4. Bf4 Nd7 5. Nbd2 Ndf6 6. e3 Bg4 7. Be2 e6 8. c4 Bd6 9. Ne5 Bxe2 10. Qxe2 Bb4 11. Nef3 Nxd2 12. Nxd2 Ne4 13. a3 Bxd2+ 14. Kf1 Bxe3 15. Qxe3 0-0 16. f3 Nd6 17. c5 Nf5 18. Qd2 Qf6 19. Rd1 b6 20. Bg5 Qg6 21. g4 h6 22. gxf5 Qxg5 23. Qxg5 hxg5 24. cxb6 cxb6 25. fxe6 fxe6 26. Ke2 Rac8 27. Rc1 Rc4 28. Rxc4 dxc4 29. Rg1 Rf5 30. Ke3 Kf7 31. a4 Ra5 32. Ra1 b5 33. Kd2 Rxa4 34. Rxa4 bxa4 35. Kc3 Kf6 36. Kxc4 Kf5 37. Kc5 Kf4 38. Kd6 Ke3 39. Ke5 a6 40. h3 a5 41. Kxe6 Kxd4 42. Kf5 Kc4 43. Kxg5 Kb3 44. Kg6 Kxb2 45. Kxg7 a3 46. f4 a2 47. f5 a1Q 48. f6 Kc2 49. h4 Qg1+ 50. Kf7 Qg4 51. Ke8 Qxh4 52. f7 Qh5 0-1

[Event "Nicolo La Rosa op 15th"]
[Site "Mazara del Vallo"]
[Date "2007.08.10"]
[Round "1"]
[White "Croci, Roberto"]
[Black "Messina, Marco"]
[Result "0-1"]
[WhiteElo "1562"]
[BlackElo "2051"]
[PlyCount "86"]
[EventDate "2007.08.10"]
[EventType "swiss"]
[EventRounds "6"]
[EventCountry "ITA"]
[SourceTitle "EXT 2011"]
[Source "ChessBase"]
[SourceDate "2010.11.26"]
[SourceVersion "1"]
[SourceVersionDate "2010.11.26"]
[SourceQuality "1"]

1. Nf3 Nf6 2. d4 d5 3. c4 c6 4. Nc3 dxc4 5. e4 b5 6. Ne5 e6 7. Be3 Bb7 8. Rc1 Bb4 9. Qf3 0-0 10. Be2 c5 11. dxc5 Bxe4 12. Qg3 Nbd7 13. Bh6 Bg6 14. Nxd7 Qxd7 15. h4 gxh6 16. h5 Ne4 17. Qf4 Rad8 18. hxg6 Qd2+ 19. Qxd2 Nxd2 20. gxf7+ Rxf7 21. Rxh6 Ne4 22. Bf3 Nxc5 23. Kf1 Bxc3 24. Rxc3 Rd2 25. b4 Nd3 26. a3 e5 27. Bd5 Kg7 28. Bxf7 Kxh6 29. f3 Kg5 30. a4 Nb2 31. Ke1 Rd3 32. Rxd3 cxd3 33. a5 Kf4 34. Kd2 e4 35. fxe4 Kxe4 36. Be8 Nc4+ 37. Kd1 Ke3 38. Bh5 Kd4 39. Be8 Kc3 40. Bxb5 Nb2+ 41. Kc1 d2+ 42. Kb1 d1Q+ 43. Ka2 Nd3 0-1

[Event "Turin olympic op-A"]
[Site "Turin"]
[Date "2006.05.26"]
[Round "5"]
[White "Imbraguglia, Fabio"]
[Black "Messina, Marco"]
[Result "0-1"]
[WhiteElo "2072"]
[BlackElo "2034"]
[PlyCount "96"]
[EventDate "2006.05.22"]
[EventType "swiss"]
[EventRounds "9"]
[EventCountry "ITA"]
[SourceTitle "EXT 2011"]
[Source "ChessBase"]
[SourceDate "2010.11.26"]
[SourceVersion "1"]
[SourceVersionDate "2010.11.26"]
[SourceQuality "1"]

1. d4 d5 2. c4 c6 3. Nc3 Nf6 4. Nf3 dxc4 5. a4 Bf5 6. Ne5 e6 7. f3 Bb4 8. Nxc4 c5 9. Qb3 Nc6 10. dxc5 Nd4 11. Nd6+ Qxd6 12. Qxb4 Nc2+ 13. Kf2 Qd7 14. Qf4 Nxa1 15. e4 Bxe4 16. Nxe4 Nxe4+ 17. Qxe4 0-0 18. Bb5 Qd5 19. Qxd5 exd5 20. Bf4 Nb3 21. Bd6 Rfc8 22. Bd7 Rd8 23. c6 bxc6 24. Bxc6 Rac8 25. Be7 Rxc6 26. Bxd8 Rc2+ 27. Kg3 d4 28. Rd1 f6 29. Be7 Rxb2 30. f4 a5 31. f5 Kf7 32. Re1 g6 33. Ba3 Ra2 34. Re7+ Kg8 35. Re8+ Kg7 36. Bd6 gxf5 37. h4 Nd2 38. Re7+ Kg6 39. Kh3 Ne4 40. Bf4 h5 41. Rd7 Rxa4 42. g3 d3 43. Kg2 Ra2+ 44. Kf3 Rf2+ 45. Ke3 d2 46. g4 Rf1 47. gxf5+ Kxf5 48. Rd5+ Kg4 0-1